Chansons en espagnol - Statistiques

Statistiques générales
  • Ce quiz a été pris 121 fois
  • Le résultat moyen est 8 sur 33
Statistiques - réponses
Artistes Chanson Année % Correct
Luis Fonsi & Daddy Yankee Despacito 2017
77%
Enrique Iglesias & Nicky Jam El perdón 2015
70%
Manu Chao Me gustas tú 2001
70%
Las Ketchup Asarejé ( The Ketchup song ) 2002
66%
Shakira & Alejandro Sanz La tortura 2005
66%
Juanes La camisa negra 2004
45%
Mecano Hijo de la luna 86/91
45%
Ricky Martin María 1995
41%
Los Del Rio Macarena 1996
38%
Jeanette Porqué te vas 1976
34%
Aventura Obsesion 2002
30%
Gipsy Kings Bamboleo 1988
24%
Mano Negra Mala vida 1988
24%
Julio Iglesias Manuela ( Nom + Prénom ) 1974
19%
Nathalie Cardone Hasta siempre 1999
16%
Pedro Capó Calma 2019
14%
Luz Casal Piensa en mi 1991
9%
Jennifer Lopez Qué hiciste 2007
8%
King Africa La bomba 2000
8%
Miguel Angel Munoz Diras que estoy loco 2007
7%
Ritchie Valens La bamba 1958
7%
Ska-P Canabis 1996
7%
Righeira Vamos a la playa 1983
6%
Paco Amor de mis amores 1988
5%
Beatriz Luengo Hit-Lerele 2004
3%
Nat King Cole Quizás, quizás, quizás 1958
3%
Sergent Garcia Acabar mal 1999
3%
Ivan Fotonovela 1985
2%
Magazine 60 Don Quichotte 1985
2%
Paradisio Vamos a la discoteca 1997
2%
Los Machucambos Pepito 1961
1%
Rodolfo y su Tipica La Colegiala 1982
1%
Caetano Veloso Cucurrucucú Paloma ( BO Parle avec elle ) 2002
0%
Aucun quiz correspondant
Distribution des résultats
% des personnes avec chaque résultat
Percentile par nombre de réponses
Votre historique - résultats
Vous n’avez pas pris ce quiz